000 00764nam0a22002531 4500
001 rc\204198
005 20250620231916.0
035 _a(NLR Aleph) 005456282
090 _a4910512
_c4910512
100 _a20030307d1993 |||y0rusy50 ca
101 0 _arus
102 _aRU
105 _ay |||||||||
200 1 _aКоммуникация и власть
_fПер. с англ. Б. Диановой
210 _aСПб.
_cБ. и.
_d1993
215 _a143, [1] с.
_d21
300 _aНа обл. авт.: Дональд Уилхэлм
320 _aБиблиогр. в примеч.: с. 136-144
700 1 _aУилхелм
_bД.
_gДональд
801 0 _aRU
_bNLR
_gpsbo
801 1 _aRU
_bELAR
_2rusmarc
852 _aNLR
_j93-3/5574
942 _cBOOK
980 _aNB